000 00591nam a2200205Ia 4500
001 15059
003 GE_BSU
008 181216s||||||||xx |||||||||||||| ||und||
040 _cGE_BSU
080 _a517.3(075.8)
100 _aВиленкин, Н.Я. Куницкая,Е.С.
245 _aМатематический анализ. Введение в анализ
260 _aМосква
260 _bНаука
260 _c1973
300 _a279стр.22см.
653 _aВведение в анализ
653 _aМатематический анализ
942 _cBK
999 _c48177
_d48177